Normal view
MARC view
Entry Uniform Title
001 - CONTROL NUMBER
- control field: 42642
003 - CONTROL NUMBER IDENTIFIER
- control field: dpl
005 - DATE AND TIME OF LATEST TRANSACTION
- control field: 20120221105613.0
008 - FIXED-LENGTH DATA ELEMENTS
- fixed length control field: 120221|||a|||||| | ||| d
040 ## - CATALOGING SOURCE
- Original cataloging agency: dpl
- Transcribing agency: dpl
130 ## - HEADING--UNIFORM TITLE
- Uniform title: Looking at art; edited by Amrita Sher-Gil
670 ## - SOURCE DATA FOUND
- Source citation: Work cat.: (dpl)59661: Anjali Raghbeer 42641, My name is Amrita... born to be an artist /, 2011
670 ## - SOURCE DATA FOUND
- Source citation: Work cat.: (dpl)59661: Anjali Raghbeer 42641, My name is Amrita... born to be an artist /, 2011
